00536nam a22001697a 450000500170000001000150001702000270003203500140005903700130007308200110008624500900009726000390018727000680022630000200029470000310031470000210034520240216121729.0 aENG-139327 c2800.00a9788192110608 aEN-122859 bDBAD/PUB a954.43 aAhmedabad 600:Portraits of a City/cBy Suchitra Balasubrahmanyan and Sharmila Sagara aMumbaibThe Marg Foundation c2011 aArmy & Navy Building (3rd floor) 148,M G Road b Mumbaie400001 a156p.c31cm(hb) a Balasubrahmanyan Suchitra aSagara Sharmila